Central Library OPAC University of Rajshahi

Democracy and the student left / (Record no. 1782)

MARC details
000 -LEADER
fixed length control field 01099cam a22002771 4500
001 - CONTROL NUMBER
control field 1782
003 - CONTROL NUMBER IDENTIFIER
rucl marc code BD-RjUL
005 - DATE AND TIME OF LATEST TRANSACTION
control field 20211208233418.0
008 - FIXED-LENGTH DATA ELEMENTS--GENERAL INFORMATION
fixed length control field 131209s1968 mau 000 0 eng
035 ## - SYSTEM CONTROL NUMBER
System control number (BD-RjUL)
040 ## - CATALOGING SOURCE
Original cataloging agency DLC
Transcribing agency DLC
Modifying agency DLC
-- BD-RjUL
Language of cataloging eng
041 ## - LANGUAGE CODE
Language code of text/sound track or separate title eng
082 00 - DEWEY DECIMAL CLASSIFICATION NUMBER
Classification number 378.1981
Author mark and year KED
100 1# - MAIN ENTRY--PERSONAL NAME
Personal name Kennan, George F.
Fuller form of name (George Frost),
Dates associated with a name 1904-2005.
9 (RLIN) 5905
245 10 - TITLE STATEMENT
Title Democracy and the student left /
Statement of responsibility, etc. by George F. Kennan and students and teachers from Barnard, Brandeis, Brooklyn ...
260 ## - PUBLICATION, DISTRIBUTION, ETC. (IMPRINT)
Place of publication, distribution, etc. Boston :
Name of publisher, distributor, etc. Little, Brown
Date of publication, distribution, etc. c1968
300 ## - PHYSICAL DESCRIPTION
Pagination xi, 239 p. ;
Size 22 cm.
350 ## - PRICE (NR) (BK AM CF MU VM SE) [OBSOLETE]
Price $5.75
500 ## - GENERAL NOTE
General note "An Atlantic Monthly Press book."
505 0# - FORMATTED CONTENTS NOTE
Formatted contents note Rebels without a program [by G. F. Kennan]--Agreement and dissent; response from the campus (letters)--Letters from the older generation.--Mr. Kennan replies.
650 #0 - SUBJECT ADDED ENTRY--TOPICAL TERM
Topical term or geographic name as entry element College students
General subdivision Political activity.
9 (RLIN) 5906
856 4# - ELECTRONIC LOCATION AND ACCESS
Materials specified WordlCat details.
Uniform Resource Identifier <a href="http://www.worldcat.org/title/democracy-and-the-student-left/oclc/188612&referer=brief_results">http://www.worldcat.org/title/democracy-and-the-student-left/oclc/188612&referer=brief_results</a>
942 ## - ADDED ENTRY ELEMENTS (KOHA)
Source of classification or shelving scheme Dewey Decimal Classification
Koha item type Books
Holdings
Lost status Source of classification or shelving scheme Damaged status Not for loan Collection code Permanent Location Current Location Shelving location Date acquired Source of acquisition Cost, normal purchase price Total Checkouts Full call number Date last seen Copy number Koha item type
  Dewey Decimal Classification   Not For Loan Non-fiction Central Library, University of Rajshahi Central Library, University of Rajshahi Reading Room 12/09/1973 Standard Pub. Ltd. 15.65   378.1981 KED 1968 09/12/2013 C-1 Books